10 Countries with Biggest Forest Lands in Europe - Statistics

General Stats
  • This quiz has been taken 190 times
  • The average score is 10 of 10
Answers on the Map
Answers color-coded by a green-red scale on the quiz's map according to % correct below.
 
Answer Stats
Answer % Correct
Finland 22 218
98%
France 16 989
98%
Germany 11 419
98%
Sweden 28 073
98%
Norway 12 112
97%
Poland 9 435
97%
Italy 9 297
96%
Spain 18 418
96%
Ukraine 9 657
94%
Belarus 8 634
88%
No matching quizzes found
Score Distribution
Percent of People with Each Score
Percentile by Number Answered
Your Score History
You have not taken this quiz